| 000 | 00950cam a2200265 a 4500 | ||
|---|---|---|---|
| 999 |
_c3998 _d3998 |
||
| 001 | (Sirsi) a725463 | ||
| 003 | OSt | ||
| 005 | 20241204145446.0 | ||
| 008 | 111226s2008 nyua a 000 1 eng d | ||
| 020 | _a9781402763229 (hard) : | ||
| 040 |
_aOWL _cOWL _dOWL _dTAE _dKH8 |
||
| 042 | _anbic | ||
| 082 | 0 | _a823.914 FUG | |
| 100 | 1 |
_aFuge, Charles. _eAuthor |
|
| 245 | 1 | 4 |
_aThe adventures of Little Wombat / _cillustrated by Charles Fuge. |
| 260 |
_aNew York : _bSterling, _c2008. |
||
| 300 |
_a[96] p. : _bcol. ill. ; _c26 cm. |
||
| 500 | _aFirst published: London, Great Britain : Gullane Children's Books, 2008. | ||
| 505 | 0 | 0 |
_tSometimes I like to curl up in a ball -- _tFound you, Little Wombat! -- _tSwim, Little Wombat, swim! -- Where to, Little Wombat? |
| 520 | _aFour stories about Little Wombat and his friends. | ||
| 521 | 1 | _a2- | |
| 650 | 0 |
_aFriendship _vJuvenile fiction. |
|
| 650 | 0 |
_aWombats _vJuvenile fiction. |
|
| 942 |
_2ddc _cNFIC |
||